000 00659nam a22002177a 4500
005 20251108173408.0
008 250721s2005 xx 000 0 ara d
020 _a9953299439
082 1 4 _a641.8/ديش
100 1 _aديشان، لوران
245 1 0 _aالحلويات الغربية حلويات الفاكهة /
264 1 _aبيروت :
_bالدار العربية للعلوم،
_c2005.
300 _a48ص
650 1 7 _aصناعة الحلويات
650 1 7 _aالفاكهة
650 1 7 _aالغرب
700 1 _aجونز، بريجيت
710 2 _aمركز التعريب والترجمة
942 _2ddc
_cBK
999 _c102871
_d102871